Luxations et subluxations congénitales de la hanche; (Record no. 38255)

MARC details
000 -LEADER
fixed length control field 00710cam a22002291 4500
001 - CONTROL NUMBER
control field med47001080
003 - CONTROL NUMBER IDENTIFIER
control field DLC
005 - DATE AND TIME OF LATEST TRANSACTION
control field 20260227111601.0
008 - FIXED-LENGTH DATA ELEMENTS--GENERAL INFORMATION
fixed length control field 810815s1946 xx a 000 0 fre
010 ## - LIBRARY OF CONGRESS CONTROL NUMBER
LC control number med47001080
035 ## - SYSTEM CONTROL NUMBER
System control number (OCoLC)14735385
040 ## - CATALOGING SOURCE
Original cataloging agency DLC
Transcribing agency DNLM
Modifying agency DLC
042 ## - AUTHENTICATION CODE
Authentication code premarc
050 00 - LIBRARY OF CONGRESS CALL NUMBER
Classification number RD772
Item number .L43
060 0# - NATIONAL LIBRARY OF MEDICINE CALL NUMBER
Classification number WE 855
Item number L663L 1946
100 1# - MAIN ENTRY--PERSONAL NAME
Personal name Leveuf, Jacques Barthélémy,
Dates associated with a name 1885-
245 10 - TITLE STATEMENT
Title Luxations et subluxations congénitales de la hanche;
Remainder of title leur traitement basé sur l'arthrographie,
Statement of responsibility, etc. par Jacques Leveuf et Pierre Bertrand ...
260 ## - PUBLICATION, DISTRIBUTION, ETC.
Place of publication, distribution, etc. Paris,
Name of publisher, distributor, etc. Doin,
Date of publication, distribution, etc. 1946.
300 ## - PHYSICAL DESCRIPTION
Extent 279 p.
Other physical details ill.
500 ## - GENERAL NOTE
General note "Rédigé en 1943."
700 1# - ADDED ENTRY--PERSONAL NAME
Personal name Bertrand, Pierre,
Dates associated with a name 1897-

No items available.

Powered by Koha